| 000 | 01531cam a22004097a 4500 | ||
|---|---|---|---|
| 003 | CHAP | ||
| 005 | 20220329142827.0 | ||
| 008 | 040531s2004 mx r 00010 spa d | ||
| 010 | _a88361 | ||
| 011 | _a89333 | ||
| 035 | _a99884 | ||
| 040 | _cCHAP | ||
| 090 | _aTesis | ||
| 100 | 0 | 0 |
_aGámez Montiel, Oscar. _948381 |
| 245 | 1 | 0 |
_aAnálisis técnico financiero del cultivo de nogal pecanero (Carya illinoinensis (Wang) Koch) en la costa de Hermosillo, Sonora _c/por Oscar Gámez Montiel |
| 260 |
_aChapingo, Méx. : _bEl autor, _c2004. |
||
| 300 |
_a120 h. ; _bgráfs. |
||
| 502 | _aTesis (Ing. Agr. Esp. en Fitotecnia) -- UACH. Departamento de Fitotecnia | ||
| 530 | _aTambién disponible en línea | ||
| 590 |
_aALEPH _b10 _c20130110 _lUCH01 _h1457 |
||
| 590 |
_aBATCH-UPD _b10 _c20130110 _lUCH01 _h0637 |
||
| 590 |
_aBATCH-UPD _b10 _c20130110 _lUCH01 _h2334 |
||
| 590 |
_aBATCH-UPD _b10 _c20130410 _lUCH01 _h0321 |
||
| 590 |
_aBATCH-UPD _b10 _c20130914 _lUCH01 _h1840 |
||
| 590 |
_aBATCH-UPD _b10 _c20140324 _lUCH01 _h1444 |
||
| 590 |
_aBATCH-UPD _b10 _c20141002 _lUCH01 _h0822 |
||
| 590 |
_aCONVERSION _b10 _c20130109 _lUCH01 _h1349 |
||
| 650 | 1 | 4 |
_aNogal _xMercadeo. _981561 |
| 650 | 1 | 4 |
_aNogal _xRendimiento. _981569 |
| 650 | 1 | 4 |
_aNogal _zSonora. _981575 |
| 856 |
_3Finding aid _uhttp://10.13.5.2/tesis/99884.pdf _zTeclea aqui |
||
| 901 | _aBK | ||
| 905 | _aAlejandra Carrasco M. | ||
| 942 | _cFOLL | ||
| 949 |
_aTesis _bBC _cTES _d33724000921854 _eTS2 _fc.2 _h41893 _i99884 _sb |
||
| 949 |
_aTesis _bBC _cTES _d998841 _eTS1 _h41892 _i99884 _sb |
||
| 999 |
_c88361 _d88361 |
||